000 00575nam a2200205 i 4500
001 C2-0209533
003 PPAK
005 20180728101951.0
008 990317s1982 my a|||| ||||| | may d
040 _aPPAK
_beng
_cPPAK
_erda
082 0 4 _a546.014
_2 23
090 0 0 _a546.014
_bTAT
_dKIH
245 0 0 _aTatanama Kimia tak organik
264 1 _aKuala Lumpur :
_bDewan Bahasa dan Pustaka ,
_c1982
300 _axii, 167 pages :
_billustrations ;
_c22 cm
336 _2rdacontent
_atext
337 _2rdamedia
_aunmediated
338 _2rdacarrier
_avolume
942 _ddc
_cB
999 _c157964
_d157964